000 00615nam a2200229Ia 4500
003 OSt
005 20220928122230.0
006 a|||||r|||| 00| 0
007 ta
008 220927b |||||||| |||| 00| 0 eng d
024 _a58002
037 _cTextual
040 _aSDCL
_cSDCL
_beng
041 _2eng
_aeng
082 _aY46, L4
100 _aMurphy James F
_9456727
245 0 _aConcepts of leisure
_b Philosophical implications
260 _aNew Jersey
_bPrentice Hall
_c1974
300 _axiv,267p
_ccm.
942 _hY46, L4
_cTEXL
_2CC
999 _c770299
_d770299